| 000 | 00500nam a2200193Ia 4500 | ||
|---|---|---|---|
| 005 | 20140403133028.0 | ||
| 008 | 140130s9999 xx 000 0 und d | ||
| 020 | _a9780439044011 | ||
| 050 |
_aPZ 7 _b.D121Se 2007 |
||
| 100 |
_aDadey, Debbie _94137 |
||
| 245 |
_cDebbie Dadey. _aSea monsters don't ride motorcycles / |
||
| 260 |
_bScholastic, _c2007. _aUSA : |
||
| 300 |
_a74 p. : _bill. ; _c22 cm. |
||
| 440 |
_v1 _931062 |
||
| 521 | _aG3 | ||
| 526 | _c590 | ||
| 942 |
_cBK _2lcc |
||
| 999 |
_c40735 _d40735 |
||